| 000 | 00935nam a22003610a 4500 | ||
|---|---|---|---|
| 001 | PT32405 | ||
| 003 | AR-LpoUNG | ||
| 005 | 20210131225942.0 | ||
| 008 | 191001s2007||||ag |||||||||||||||||spa d | ||
| 020 |
_a9789507865800 _c$20.25 |
||
| 040 |
_aAR-LpoUNG _bspa _cAR-LpoUNG _eaacr |
||
| 041 | _aspa | ||
| 044 | _aag | ||
| 082 | 0 | _a982.065 398sin | |
| 100 | 1 | _aMason, Alfredo | |
| 245 | 1 | 0 |
_aSindicalismo y dictadura : _buna historia poco contada : 1976-1983 |
| 250 | _a1§ edición | ||
| 260 |
_aBuenos Aires : _bBiblos, _c2007. |
||
| 300 |
_a166 p. : _bfot. |
||
| 650 | 4 | _aANALISIS HISTORICO | |
| 650 | 4 | _aARGENTINA | |
| 650 | 4 | _aASPECTOS ECONOMICOS | |
| 650 | 4 | _aCLASE OBRERA | |
| 650 | 4 | _aDICTADURA | |
| 650 | 4 | _aGOBIERNO MILITAR | |
| 650 | 4 | _aHISTORIA POLITICA | |
| 650 | 4 | _aMOVIMIENTOS OBREROS | |
| 650 | 4 | _aSINDICALISMO | |
| 650 | 4 | _aTRABAJADORES | |
| 651 | 4 | _aArgentina | |
| 905 | _a32405 | ||
| 942 | _cLIB | ||
| 999 |
_c679 _d679 |
||